[Event "BIH-chT 18th"]
[Site "Tuzla"]
[Date "2019.06.08"]
[Round "1.4"]
[White "Bosiocic, Marin"]
[Black "Marjanovic, Dejan"]
[Result "1/2-1/2"]
[WhiteElo "2629"]
[BlackElo "2389"]
[PlyCount "173"]
[EventDate "2019.06.08"]
[EventType "team-tourn"]
[EventRounds "9"]
[EventCountry "BIH"]
[SourceTitle "CBM 190 Extra"]
[Source "ChessBase"]
[SourceDate "2019.07.15"]
[SourceVersion "1"]
[SourceVersionDate "2019.07.15"]
[SourceQuality "1"]
[WhiteTeam "Sarajevo Bosna"]
[BlackTeam "Zenica Napredak"]
[WhiteTeamCountry "BIH"]
[BlackTeamCountry "BIH"]

1. e4 e5 2. Nf3 Nc6 3. Bb5 a6 4. Ba4 Nf6 5. 0-0 Bc5 6. c3 0-0 7. d4 Ba7 8. dxe5 Nxe4 9. Qd5 Nc5 10. Bc2 Ne7 11. Qd4 d5 12. Bg5 h6 13. Qh4 Re8 14. Nbd2 Ne6 15. Bf6 Qd7 16. Qg3 Ng6 17. Rae1 Nef4 18. Bxg6 Nxg6 19. e6 Rxe6 20. Bd4 c5 21. Rxe6 Qxe6 22. Re1 Qc6 23. Ne5 Qe8 24. Ndf3 Be6 25. Nxg6 cxd4 26. Nf4 dxc3 27. Nh5 Qf8 28. bxc3 Bf5 29. Nf6+ Kh8 30. Qe5 Be6 31. Nh5 Re8 32. Qg3 Bb8 33. Qh4 Bf5 34. Rxe8 Qxe8 35. Qd4 Qf8 36. g4 Be4 37. Ne5 f6 38. Nd7 Qd6 39. Nxb8 Qxb8 40. Qc5 Qd8 41. h3 f5 42. Ng3 fxg4 43. hxg4 Bf3 44. Qb4 Qc8 45. Nf5 Be4 46. Ne3 b5 47. Kf1 Kh7 48. Ke2 Qc7 49. Qd4 Qf4 50. Ke1 Qf3 51. Qb4 Qh1+ 52. Kd2 Qf3 53. Ke1 Bd3 54. Qb2 b4 55. cxb4 d4 56. Nd1 Qxg4 57. Kd2 Qe2+ 58. Kc1 Qxb2+ 59. Nxb2 Be4 60. Kd2 h5 61. Ke2 h4 62. f3 Bd5 63. a4 g5 64. b5 axb5 65. axb5 Kg6 66. b6 Kf5 67. Nd3 Ke6 68. Nf2 Bc6 69. Kd3 Bxf3 70. Kxd4 Kd6 71. Ke3 Bg2 72. Ng4 Bb7 73. Kd4 Bc8 74. Nf2 Kc6 75. Ke5 Kxb6 76. Ne4 g4 77. Kf4 Kc7 78. Nd2 Kd6 79. Kg5 h3 80. Kf4 Kd5 81. Nf1 Kd4 82. Kg3 Ke4 83. Kh2 Kf4 84. Ng3 Be6 85. Nh5+ Kf3 86. Ng3 Bf7 87. Nf5 1/2-1/2

[Event "Graz op-A"]
[Site "Graz"]
[Date "2019.02.23"]
[Round "8"]
[White "Marjanovic, Dejan"]
[Black "Goh, Wei Ming Kevin"]
[Result "0-1"]
[WhiteElo "2400"]
[BlackElo "2477"]
[PlyCount "78"]
[EventDate "2019.02.17"]
[EventType "swiss"]
[EventRounds "9"]
[EventCountry "AUT"]
[SourceTitle "CBM 189 Extra"]
[Source "ChessBase"]
[SourceDate "2019.06.03"]
[SourceVersion "1"]
[SourceVersionDate "2019.06.03"]
[SourceQuality "1"]

1. d4 Nf6 2. Nf3 g6 3. c4 Bg7 4. Nc3 d5 5. h4 0-0 6. h5 Nxh5 7. cxd5 c6 8. dxc6 Nxc6 9. d5 Nb4 10. e4 Bg4 11. a3 Na6 12. Be2 e6 13. Be3 exd5 14. exd5 Re8 15. Qd2 Rc8 16. 0-0 Nc5 17. Rad1 Nb3 18. Qc2 Rxe3 19. fxe3 Qb6 20. Kh2 Qd6+ 21. Kg1 Qb6 22. Kh2 Bh6 23. Rd3 Bf5 24. Qd1 Bxd3 25. Qxd3 Bxe3 26. g3 Bf2 27. Ne4 Nc5 28. Nxc5 Bxg3+ 29. Kh1 Qxc5 30. Ng5 Qe7 31. Bg4 Rd8 32. Rxf7 Qxg5 33. Be6 Kh8 34. Qf3 Bd6 35. Rxb7 Rf8 36. Rf7 Qc1+ 37. Kg2 Qxb2+ 38. Kf1 Ng3+ 39. Kg1 Qb6+ 0-1